Hodnotenie bonity bankového klienta bakalárska práca

Enregistré dans:
Détails bibliographiques
Auteur principal: Popovičová, Katarína
Collectivité auteur: Národohospodárska fakulta EU. Katedra bankovníctva a medzinárodných financií
Autres auteurs: Pilch, Ctibor, 1957-
Format: Livre
Langue:slovaque
Publié: Bratislava 2010
Tags: Ajouter un tag
Pas de tags, Soyez le premier à ajouter un tag!

MARC

LEADER 00000nbm a2200000 4500
001 0135943
005 20110906094239.8
041 0 |a slo 
044 |a SK 
245 1 0 |a Hodnotenie bonity bankového klienta  |b bakalárska práca  |c Katarína Popovičová ; školiteľ: Ctibor Pilch 
264 1 |a Bratislava  |c 2010 
300 |a 34 s. 
100 1 |a Popovičová, Katarína 
700 1 |a Pilch, Ctibor, 1957- 
710 2 |a Národohospodárska fakulta EU. Katedra bankovníctva a medzinárodných financií